000 00688nam a2200193 a 4500
001 000042450
005 20201002040150.0
008 131203s1973 sp 000 0 spa d
020 _a8460055760
040 _aDO-SdBNP
_bspa
_cBNPHU
082 _axxx
_bxxx
100 1 _aGarcía Barquero, Juan Antonio
_969611
245 1 0 _aAproximaciones al teatro clasico español /
_cJuan Antonio García Barquero.
260 _aSevilla :
_bUniversidad de Sevilla,
_c1973.
300 _a216 p. :
_bil. ;
_c19 cm.
490 1 _aPublicaciones de la Universidad de Sevilla
_aBolsillo
_v14
504 _aBibliografía : p. 217-223
830 0 _aPublicaciones de la Universidad de Sevilla
_n14
_pBolsillo
_969612
999 _c41939
_d41939